<?xml version="1.0" encoding="UTF-8"?><?xml-stylesheet type="text/xsl" href="static/style.xsl"?><OAI-PMH xmlns="http://www.openarchives.org/OAI/2.0/" xmlns:xsi="http://www.w3.org/2001/XMLSchema-instance" xsi:schemaLocation="http://www.openarchives.org/OAI/2.0/ http://www.openarchives.org/OAI/2.0/OAI-PMH.xsd"><responseDate>2026-06-01T07:08:18Z</responseDate><request verb="GetRecord" identifier="oai:riuma.uma.es:10630/45987" metadataPrefix="marc">https://riuma.uma.es/rest/oai/request</request><GetRecord><record><header><identifier>oai:riuma.uma.es:10630/45987</identifier><datestamp>2026-03-11T00:45:19Z</datestamp><setSpec>com_10630_2254</setSpec><setSpec>col_10630_37953</setSpec></header><metadata><record xmlns="http://www.loc.gov/MARC21/slim" xmlns:dcterms="http://purl.org/dc/terms/" xmlns:doc="http://www.lyncode.com/xoai" xmlns:xsi="http://www.w3.org/2001/XMLSchema-instance" xsi:schemaLocation="http://www.loc.gov/MARC21/slim http://www.loc.gov/standards/marcxml/schema/MARC21slim.xsd">
   <leader>00925njm 22002777a 4500</leader>
   <datafield ind2=" " ind1=" " tag="042">
      <subfield code="a">dc</subfield>
   </datafield>
   <datafield ind2=" " ind1=" " tag="720">
      <subfield code="a">Hueso-Vasallo, Manuel</subfield>
      <subfield code="e">author</subfield>
   </datafield>
   <datafield ind2=" " ind1=" " tag="260">
      <subfield code="c">2026-03-05</subfield>
   </datafield>
   <datafield ind2=" " ind1=" " tag="520">
      <subfield code="a">This paper explores the intricate connections between William di Canzio's *Alec* and E.M. Forster's *Maurice*, particularly how both texts represent hope in queer experiences. By applying Sara Ahmed's theory of queer phenomenology and Rita Felski's concept of 'recognition', it articulates queer hope as a dynamic notion that transcends traditional happy endings, shedding light on the ongoing struggles and aspirations of LGBTQIA+ individuals across time.</subfield>
   </datafield>
   <datafield ind1="8" ind2=" " tag="024">
      <subfield code="a">Manuel Hueso-Vasallo (2026) ‘There’s no woods left’: the progression of hope in William di Canzio’s Alec (2021) and E.M. Forster’s Maurice (1914/71), Cogent Arts &amp; Humanities, 13:1, 2641243, DOI: 10.1080/23311983.2026.2641243</subfield>
   </datafield>
   <datafield ind1="8" ind2=" " tag="024">
      <subfield code="a">https://hdl.handle.net/10630/45987</subfield>
   </datafield>
   <datafield ind1="8" ind2=" " tag="024">
      <subfield code="a">10.1080/23311983.2026.2641243</subfield>
   </datafield>
   <datafield tag="653" ind2=" " ind1=" ">
      <subfield code="a">Forster, E.M.- Crítica e interpretación</subfield>
   </datafield>
   <datafield tag="653" ind2=" " ind1=" ">
      <subfield code="a">Teoría queer</subfield>
   </datafield>
   <datafield ind2="0" ind1="0" tag="245">
      <subfield code="a">There's no woods left: The Progression of Hope in William Di Canzio's Alec (2021) and E.M. Forster's Maurice (1971).</subfield>
   </datafield>
</record>
</metadata></record></GetRecord></OAI-PMH>